000 00439nam a2200181Ia 4500
001 14901
005 20260306164948.0
008 260306t2001||||xx |||||||||||||| ||spa||
041 _aESP
082 _a519.5
_bL65
100 _aLind, Douglas A.
_eAUT
245 0 _aEstadística para administración y economía
260 _c2001
300 _a575 páginas :
_c25 cm.
650 _aGEN
654 _aCMA
942 _cLIB
_dJUS
_fJUS
_2ddc
_n
999 _c14901
_d14901